Countries With Stars on Their Flags. - Statistics

General Stats
  • This quiz has been taken 37 times
  • The average score is 35 of 59
Answer Stats
Picture Answer % Correct
Brazil
100%
Australia
97%
China
86%
Croatia
86%
Cameroon
76%
New Zealand
76%
USA
76%
Bosnia and Herzegovina
72%
Chile
72%
Israel
72%
Nepal
72%
Azerbaijan
69%
Burundi
69%
Panama
69%
Singapore
69%
Liberia
66%
North Korea
66%
Vietnam
66%
Cuba
62%
Honduras
62%
Kosovo
62%
Malaysia
62%
Morocco
62%
Philippines
62%
Venezuela
62%
Burkina Faso
59%
Federated States of Micronesia
59%
Ghana
59%
Jordan
59%
Somalia
59%
Ethiopia
55%
Nauru
55%
Papua New Guinea
55%
São Tomé and Príncipe
55%
Senegal
55%
Comoros
52%
Djibouti
52%
Myanmar
52%
Samoa
52%
Slovenia
52%
South Sudan
52%
Syria
52%
Timor Leste
52%
Turkmenistan
52%
Marshall Islands
48%
Paraguay
48%
Tajikistan
48%
Togo
48%
Tuvalu
48%
Uzbekistan
48%
Dominica
45%
Equatorial Guinea
45%
Guinea-Bissau
45%
Solomon Islands
45%
Grenada
41%
Cabo Verde
34%
Saint Kitts and Nevis
34%
Suriname
34%
Northern Mariana Islands
21%
No matching quizzes found
Score Distribution
Percent of People with Each Score
Percentile by Number Answered
Your Score History
You have not taken this quiz